| 000 | 00661nam a2200181 i 4500 | ||
|---|---|---|---|
| 001 | 46060 | ||
| 003 | ES-MaACL | ||
| 005 | 20250828083959.0 | ||
| 007 | t| | ||
| 008 | 030327s1968 sz ||||1| fre d | ||
| 111 | 2 |
_aConférence Internationale de l'Instruction Publique ( _n31ª. _d1968. _cGinebra) _9169 |
|
| 245 | 1 | 0 | _aL'education pour la comprehension internationale en tant que partie intégrante de programmes scolaires. |
| 260 |
_aGenève, ect. : _bBureau International d'Education, _c1968. |
||
| 300 |
_aLIV, 258 p. ; _c24 cm. |
||
| 710 | 2 | 0 |
_aOficina Internacional de Educación _96022 |
| 852 |
_aES-MaACL _jC-46689 _bR.67661 |
||
| 999 |
_c46060 _d46060 |
||